Object-oriented and classical software engineering
Saved in:
| Main Author: | |
|---|---|
| Format: | Book |
| Language: | English |
| Published: |
New York
McGraw-Hill
2011
|
| Edition: | 8th ed. |
| Subjects: | |
| Tags: |
No Tags, Be the first to tag this record!
|
MARC
| LEADER | 00000nam a2200000 4500 | ||
|---|---|---|---|
| 001 | 0143667 | ||
| 005 | 20230109114715.7 | ||
| 020 | |a 978-0-07-337618-9 | ||
| 020 | |a 0-07-337618-3 | ||
| 041 | 0 | |a eng | |
| 044 | |a US | ||
| 245 | 1 | 0 | |a Object-oriented and classical software engineering |c Stephen R. Schach |
| 250 | |a 8th ed. | ||
| 264 | 1 | |a New York |b McGraw-Hill |c 2011 | |
| 300 | |a xix, 667 s. | ||
| 610 | 2 | 0 | |a inžinierstvo softvérové |
| 610 | 2 | 0 | |a softvér |
| 610 | 2 | 0 | |a dizajn |
| 610 | 2 | 0 | |a programovanie |
| 610 | 2 | 0 | |a programovanie objektové |
| 610 | 2 | 0 | |a jazyky programovacie |
| 610 | 2 | 0 | |a štúdie prípadové |
| 100 | 1 | |a Schach, Stephen R. | |